<?xml version="1.0" encoding="UTF-8"?>
<record
    xmlns:xsi="http://www.w3.org/2001/XMLSchema-instance"
    xsi:schemaLocation="http://www.loc.gov/MARC21/slim http://www.loc.gov/standards/marcxml/schema/MARC21slim.xsd"
    xmlns="http://www.loc.gov/MARC21/slim">

  <leader>00908nam a2200181Ia 4500</leader>
  <controlfield tag="008">120622s9999    xx            000 0 und d</controlfield>
  <datafield tag="020" ind1=" " ind2=" ">
    <subfield code="a">84-7112-302-9</subfield>
  </datafield>
  <datafield tag="082" ind1=" " ind2=" ">
    <subfield code="a">302.2308 M342e</subfield>
  </datafield>
  <datafield tag="100" ind1=" " ind2=" ">
    <subfield code="a">Marks Greenfield, Patricia</subfield>
  </datafield>
  <datafield tag="245" ind1=" " ind2=" ">
    <subfield code="a">El ni&#xF1;o y los medios de comunicaci&#xF3;n : los efectos de la televisi&#xF3;n, video-juegos y ordenadores / Patricia Marks Greenfield ; tr. de Alfredo Guera</subfield>
  </datafield>
  <datafield tag="250" ind1=" " ind2=" ">
    <subfield code="a">2a. ed</subfield>
  </datafield>
  <datafield tag="260" ind1=" " ind2=" ">
    <subfield code="a">Madrid : Ediciones Morata</subfield>
  </datafield>
  <datafield tag="300" ind1=" " ind2=" ">
    <subfield code="a">243 p</subfield>
  </datafield>
  <datafield tag="440" ind1=" " ind2=" ">
    <subfield code="a">Psicolog&#xED;a : El desarrollo en el ni&#xF1;o, 16</subfield>
  </datafield>
  <datafield tag="500" ind1=" " ind2=" ">
    <subfield code="a">T&#xED;tulo original : Mind and media : the effects of television computers and video games</subfield>
  </datafield>
  <datafield tag="650" ind1=" " ind2=" ">
    <subfield code="a">1. MEDIOS DE COMUNICACION - NI&#xD1;OS - ASPECTOS PSICOLOGICOS  \ 2.TELEVISION EN LA EDUCACI&#xD3;N - NI&#xD1;OS \3.  INFORMATICA - ENSE&#xD1;ANZA - NI&#xD1;OS  \4. VIDEO JUEGOS - NI&#xD1;OS - EDUCACION MULTIMEDIAL\ 5. COMUNICACION EN EDUCACION</subfield>
  </datafield>
  <datafield tag="700" ind1=" " ind2=" ">
    <subfield code="a">I. Guera, Alfredo ; tr.&#xCC;</subfield>
  </datafield>
  <datafield tag="952" ind1=" " ind2=" ">
    <subfield code="0">0</subfield>
    <subfield code="1">0</subfield>
    <subfield code="4">0</subfield>
    <subfield code="7">0</subfield>
    <subfield code="a">01</subfield>
    <subfield code="b">01</subfield>
    <subfield code="d">2008-09-05</subfield>
    <subfield code="l">2</subfield>
    <subfield code="o">302.2308 M342E</subfield>
    <subfield code="p">01 011470</subfield>
    <subfield code="r">2020-03-06</subfield>
    <subfield code="s">2020-03-06</subfield>
    <subfield code="t">1</subfield>
    <subfield code="w">2012-06-24</subfield>
    <subfield code="y">LB</subfield>
  </datafield>
  <datafield tag="999" ind1=" " ind2=" ">
    <subfield code="c">60585</subfield>
    <subfield code="d">60585</subfield>
  </datafield>
</record>
